000 00410cam a22001337a 4500
008 180718b1962 xxu||||| |||| 00| 0 eng d
082 _aLx54 F/3
100 _aIndia. Finance Commission
245 _aReport of the Third Finance Commission, 1961
260 _aDelhi
_bThe Manager of Publications
_c1962
300 _a118+p.
500 _aChairman: Ashok Kumar Chandra
700 _aChanda, Ashok Kumar (Chairman)
999 _c489390
_d489390